Pobjednice Svjetskog nogometnog prvenstva - Žene - Statistics

General Stats
  • This quiz has been taken 110 times
    41 since last reset
  • The average score is 7 of 9
Answer Stats
Godina Domaćin Pobjednik % Correct
2019 Francuska Sjedinjene Američke Države
94%
2015 Kanada Sjedinjene Američke Države
94%
1999 Sjedinjene Američke Države Sjedinjene Američke Države
94%
1991 Kina Sjedinjene Američke Države
94%
2007 Kina Njemačka
81%
2003 Sjedinjene Američke Države Njemačka
81%
2023 Australija Novi Zeland Španjolska
72%
2011 Njemačka Japan
33%
1995 Švedska Norveška
28%
No matching quizzes found
Score Distribution
Percent of People with Each Score
Percentile by Number Answered
Your Score History
You have not taken this quiz since the last reset